000 00522nam a2200193Ia 4500
005 20240823054516.0
008 240823s9999||||xx |||||||||||||| ||und||
020 _a0-85157-132-8
041 _aENGLISH
082 _A025.347 L3
100 _a"Shifrin, Malcolm"
245 0 _aInformation in the School Library : an introduction to the organisation of non-book materials
250 _a1st
260 _c1973
_bClive Bingley L
500 _aYES
650 _aSchool libaray
_bGeneral
942 _cBK
999 _c226615
_d226615